header

Multimedia (Record no. 240553)

MARC details
000 -LEADER
fixed length control field 01182nam a2200313Ia 4500
100 1# - MAIN ENTRY--AUTHOR NAME
Personal name Cranny-Francis, Anne.
245 10 - TITLE STATEMENT
Title Multimedia
260 ## - PUBLICATION, DISTRIBUTION, ETC. (IMPRINT)
Place of publication London :
Name of publisher SAGE,
Year of publication 2005.
300 ## - PHYSICAL DESCRIPTION
Number of Pages ix, 196 p. :
Other physical details ill.
650 #0 - SUBJECT ADDED ENTRY--TOPICAL TERM
Topical Term Multimedia systems.
Topical Term Information storage and retrieval systems.
856 40 - ELECTRONIC LOCATION AND ACCESS
Uniform Resource Identifier http://site.ebrary.com/lib/rucke/Doc?id=10218270

No items available.

© 2026 Rongo University
Contact us: librarian | system librarian | Rongo university